000 00834 a2200217 4500
020 _a038797329X
020 _a9780387973296
082 0 4 _a512.7
090 _c558
_d558
100 1 _aIreland, Kenneth.
245 1 2 _aA classical introduction to modern number theory /
_cKenneth Ireland, Michael Rosen.
250 _a2nd ed.
260 _a[S.l.] :
_bSpringer,
_c1990.
300 _a403 p. ;
_c24 cm.
490 1 _aGraduate texts in mathematics) (V. 84.
700 1 _aRosen, Michael.
830 0 _aGraduate texts in mathematics) (V. 84.
942 _aSNS
_cBK
_k512.7 IRE
999 _c29188
_d29188